000 00792nas a2200265 454500
001 39392
005 20260407193510.0
008 260407s2005####ag###########|||spa#d
003 AR-UNSa-BCEJYS
040 _aAR-UNSa-BCEJYS
_bspa
_cAR-UNSa-BCEJYS
080 _a34
_xDerecho
245 1 0 _aTemas judiciales
264 1 _aSalta :
_b[s.n.]
_c2005
310 _aFrecuencia: Irregular
041 _aspa
942 _cSER
590 _aniveau_biblio:s niveau_hierar:1
100 1 _aSalta. Poder Judicial. Escuela de Magistratura
700 1 _aMarchetti, Daniel Enrique
650 _aDerechos humanos
650 _aDerecho constitucional
650 _aDerecho civil
650 _aDerecho
856 4 1 _uhttps://biblioeco.unsa.edu.ar/pmb/images/revistas/R20330.jpg
_yImagen de portada
_qimage/jpeg
999 _c8837
_d8837